Statistics for F1 Drivers By Their Teams 2023

Click here to take the quiz!

General Stats

  • This quiz has been taken 53 times
  • The average score is 14 of 22

Answer Stats

DriverTeam% Correct
Charles LeclercFerrari
81%
Esteban OconAlpine
78%
Carlos SainzFerrari
76%
Daniel RicciardoAlphaTauri
76%
Max VerstappenRedbull
76%
Fernando AlonsoAston Martin
73%
Lewis HamiltonMercedes
73%
Valtteri BottasAlfa Romeo
70%
Lando NorrisMclaren
68%
Pierre GaslyAlpine
68%
Sergio PerezRedbull
62%
Yuki TsunodaAlphaTauri
62%
George RussellMercedes
59%
Kevin MagnussenHaas
59%
Lance StrollAston Martin
59%
Zhou GuanyuAlfa Romeo
59%
Nico HulkenbergHaas
57%
Oscar PiastriMclaren
57%
Alex AlbonWilliams
54%
Liam LawsonAlphaTauri
51%
Logan SargeantWilliams
46%
Nyck De VriesAlphaTauri
46%

Score Distribution

Percentile by Number Answered

Percent of People with Each Score

Your Score History

You have not taken this quiz